[Event "Mumbai Wealth op 3rd"]
[Site "Mumbai"]
[Date "2018.01.05"]
[Round "7"]
[White "Dahale, Atul"]
[Black "Arun, R Udhayakumar"]
[Result "1-0"]
[WhiteElo "2140"]
[BlackElo "1851"]
[PlyCount "115"]
[EventDate "2017.12.30"]
[EventType "swiss"]
[EventRounds "9"]
[EventCountry "IND"]
[SourceTitle "CBM 182 Extra"]
[Source "ChessBase"]
[SourceDate "2018.02.23"]
[SourceVersion "1"]
[SourceVersionDate "2018.02.23"]
[SourceQuality "1"]

1. d4 Nf6 2. c4 g6 3. Nc3 d5 4. Nf3 Bg7 5. Bf4 0-0 6. e3 c6 7. h3 Nbd7 8. Be2 dxc4 9. Bxc4 Nb6 10. Bd3 Be6 11. 0-0 Nfd5 12. Be5 f6 13. Bg3 Nb4 14. Be2 Nc4 15. Qb3 b5 16. Qxb4 a5 17. Qb3 Bf7 18. Qc2 Nd6 19. e4 Kh8 20. Rfd1 f5 21. exf5 gxf5 22. Be5 Rg8 23. Ng5 e6 24. f4 h6 25. Nxf7+ Nxf7 26. Bf3 Rc8 27. Qf2 Qe7 28. Rac1 a4 29. a3 Nd6 30. Na2 Nc4 31. Nb4 Bxe5 32. dxe5 c5 33. Na2 Na5 34. Nc3 Nb3 35. Rc2 Nd4 36. Rcd2 Qh4 37. Rxd4 Qxf2+ 38. Kxf2 cxd4 39. Rxd4 Rc5 40. Be2 Rgc8 41. Bxb5 Rb8 42. Rb4 Kg7 43. Ke3 Kg6 44. Bxa4 Rxb4 45. axb4 Rc4 46. b5 Kf7 47. Bc2 Ke7 48. g4 fxg4 49. hxg4 Kd7 50. Be4 Rb4 51. f5 Ke7 52. Bc6 Rxb2 53. f6+ Kf7 54. Ne4 Rb4 55. g5 h5 56. Nd6+ Kf8 57. g6 h4 58. g7+ 1-0